000 00932cam a2200277 4500
999 _c127107
_d127107
001 832914
003 ARRUPE
005 20171012113323.0
008 700804r1969 nyu b 101 0 eng
010 _a 77075255
020 _a0809067803
040 _aDLC
_cDLC
_dDLC
050 0 0 _aPR2674
_b.Y6 1968b
082 0 0 _a822/.3
245 0 0 _aChristopher Marlowe.
_cEdited by Steven Orgel.
_bthe complete poems and translations
260 _aHaRMONDSWORTH,
_bPenguin Books
_c1971
300 _a282 p. ;
_c18 cm.
350 _a4.50
906 _a7
_bcbc
_corignew
_d2
_encip
_f19
_gy-gencatlg
942 _2lcc
_cMONOGRAPH